| 000 | 01158nas a2200385 4500 | ||
|---|---|---|---|
| 001 | BR0501686 | ||
| 003 | BR-BrBNA | ||
| 005 | 20231205105256.0 | ||
| 007 | ta | ||
| 008 | 230509b bl.|||p| |||| 00| 00por d | ||
| 040 |
_aBR-BrBNA _bpor _cBiblioteca Nacional de Agricultura |
||
| 041 | _a(Pt) | ||
| 072 | _aF04; Q02 | ||
| 100 | 1 | _aYuri, J.E. | |
| 100 | 1 | _aResende, G.M. de | |
| 100 | 1 | _aMota, J.H. | |
| 100 | 1 | _aRodrigues Júnior, J.C. | |
| 100 | 1 | _aSouza, R.J. de | |
| 100 | 1 | _aCarvalho, J.G. de | |
| 245 | 1 | _aComportamento da alface americana em função do uso de doses e épocas de aplicação de boro em cultivo de inverno | |
| 650 | _aALFACE | ||
| 650 | _aLACTUCA SATIVA | ||
| 650 | _aBORO | ||
| 650 | _aADUBAÇÃO | ||
| 650 | _aRESPOSTA DA PLANTA | ||
| 650 | _aÉPOCA DE APLICAÇÃO | ||
| 650 | _aCULTURA DE INVERNO | ||
| 650 | _aRENDIMENTO | ||
| 650 | _aPRESERVAÇÃO DE ALIMENTO | ||
| 650 | _aPÓS-COLHEITA | ||
| 650 | _aMINAS GERAIS | ||
| 773 | 0 |
_tHorticultura Brasileira (Brazil) _xISSN 0102-0536 _g(Jul-Sep 2004), v. 22(3) p. 593-596 _wBR0501686 |
|
| 909 |
_a202311 _bLúcia _c55 _dLúcia Elande |
||
| 942 |
_2AGRIS _n0 _cANA |
||
| 999 |
_c182132 _d182132 |
||